Znani Polscy Wokaliści (Piosenkarze / Piosenkarki) - Statystyki

Ogólne statystyki
  • Ten quiz został rozwiązany 178 razy
    97 od ostatniego zresetowania
  • Średni wynik to 3 z 9
Statystyki odpowiedzi
Odpowiedź % Poprawnych
Sanah
66%
Doda
57%
Dawid Podsiadło
50%
Maryla Rodowicz
49%
Agnieszka Chylińska
21%
Zenek Martyniuk
13%
Oki
8%
Malik Montana
4%
Kali
1%
Nie znaleziono quizów pasujących do podanych kryteriów
Rozkład punktacji
Procent ludzi z każdym wynikiem
Percentyl według liczby udzielonych odpowiedzi
Twoja historia wyników
Nie rozwiązałeś tego quizu od ostatniego zresetowania